Didáctica general
Tallennettuna:
| Päätekijä: | |
|---|---|
| Muut tekijät: | |
| Aineistotyyppi: | Kirja |
| Kieli: | espanja |
| Julkaistu: |
Madrid, España:
Pearson Educación,
2009.
|
| Painos: | 2a. ed |
| Aiheet: | |
| Tagit: |
Lisää tagi
Ei tageja, Lisää ensimmäinen tagi!
|
MARC
| LEADER | 00000cam a2200000 a 4500 | ||
|---|---|---|---|
| 001 | UCF8578 | ||
| 003 | CL-VaPUC | ||
| 005 | 20230614152809.0 | ||
| 008 | 130916e20090000sp |||||||||||||||||spa|d | ||
| 999 | |c 353145 |d 353143 | ||
| 020 | |a 88483225219 | ||
| 040 | |c Pontificia Universidad Católica de Valparaíso | ||
| 082 | 0 | 4 | |a 371.3 MED 2009 |2 21 |
| 100 | |a Medina Rivilla, Antonio |e autor |9 570679 | ||
| 245 | 1 | 0 | |a Didáctica general |
| 250 | |a 2a. ed | ||
| 260 | |a Madrid, España: |b Pearson Educación, |c 2009. | ||
| 300 | |a 470 páginas. | ||
| 583 | |a last modification |c 20130916 10:38:00 |k Rodrigo Vera | ||
| 650 | 0 | |a Métodos de enseñanza |9 270413 | |
| 650 | 0 | |a Planificación de la educación |9 307333 | |
| 650 | 0 | |a Evaluación de la educación |9 237505 | |
| 650 | 0 | |a Rol del docente |9 329733 | |
| 700 | 0 | |a Salvador Mata, Francisco |e autor |9 570680 | |
| 942 | |c BK |2 ddc | ||
| 945 | |d 20130916 10:38:00 |a dcastane | ||
| 952 | |0 0 |1 0 |3 erb |4 0 |6 371_300000000000000_MED_2009 |7 0 |8 A |9 458105 |a BIBTEO |b BIBTEO |d 2019-11-23 |i 5010217 |o 371.3 MED 2009 |p 5010217 |r 2025-01-17 |w 2019-11-23 |y BK |z Catalogado en:20130916 |k ICR | ||
| 952 | |0 0 |1 0 |3 erb |4 0 |6 371_300000000000000_MED_2009 |7 0 |8 A |9 458106 |a BIBTEO |b BIBTEO |d 2019-11-23 |i 5010225 |l 17 |m 15 |o 371.3 MED 2009 |p 5010225 |q 2024-09-12 |r 2024-08-13 |s 2024-08-13 |w 2019-11-23 |y BK |z Catalogado en:20130916 |k ICR | ||
| 952 | |0 0 |1 0 |3 erb |4 0 |6 371_300000000000000_MED_2009 |7 0 |8 A |9 458107 |a FDOPOS |b FDOPOS |i 5162424 |o 371.3 MED 2009 |p 5162424 |r 2025-01-22 |w 2019-11-23 |y BK |z Catalogado en:20150605 |k MED | ||
| 952 | |0 0 |1 0 |3 erb |4 0 |6 371_300000000000000_MED_2009 |7 0 |8 A |9 458108 |a FDOPOS |b FDOPOS |i 5162262 |o 371.3 MED 2009 |p 5162262 |r 2025-01-22 |w 2019-11-23 |y BK |z Catalogado en:20150605 |k MED | ||
| 952 | |0 0 |1 0 |3 erb |4 0 |6 371_300000000000000_MED_2009 |7 0 |8 A |9 458109 |a BIBMAT |b BIBMAT |c E_DIDACT |i 524644K |o 371.3 MED 2009 |p 524644K |r 2025-01-07 |w 2019-11-23 |y BK |z Catalogado en:20151029 |k MAT | ||